[Event "CAN-op"]
[Site "Victoria CAN"]
[Date "2012.07.09"]
[Round "3"]
[White "Finlay, Ian"]
[Black "Fiedler, Brian"]
[Result "0-1"]
[WhiteElo "1792"]
[BlackElo "2066"]
[PlyCount "60"]
[GameId "2160767909442568"]
[EventDate "2012.07.08"]
[EventType "swiss"]
[EventRounds "9"]
[EventCountry "CAN"]
[SourceTitle "CBM 149 Extra"]
[Source "ChessBase"]
[SourceDate "2012.08.24"]
[SourceVersion "1"]
[SourceVersionDate "2012.08.24"]
[SourceQuality "1"]

1. Nf3 Nf6 2. g3 g6 3. Bg2 Bg7 4. d3 O-O 5. e4 d6 6. O-O c5 7. Nbd2 Nc6 8. c3 Nd7 9. Re1 Rb8 10. Nf1 b5 11. Be3 b4 12. Qd2 bxc3 13. bxc3 Qa5 14. Rac1 Nde5 15. Bh6 Ba6 16. Bxg7 Kxg7 17. Nxe5 Nxe5 18. Re3 c4 19. d4 Nd3 20. Rc2 Rb1 21. g4 e5 22. dxe5 dxe5 23. h4 Rd8 24. Qe2 Nf4 25. Qf3 Rdd1 26. g5 Qd8 27. Qg3 Qd6 28. Rf3 Rxf1+ 29. Kh2 Qd1 30. Bxf1 Qxf1 0-1

[Event "CAN-op"]
[Site "Victoria CAN"]
[Date "2012.07.09"]
[Round "3"]
[White "Gates, David"]
[Black "Mousavi, Payam"]
[Result "0-1"]
[WhiteElo "1705"]
[BlackElo "1645"]
[PlyCount "60"]
[GameId "2160767909442570"]
[EventDate "2012.07.08"]
[EventType "swiss"]
[EventRounds "9"]
[EventCountry "CAN"]
[SourceTitle "EXT 2022"]
[Source "ChessBase"]
[SourceDate "2021.10.06"]
[SourceVersion "1"]
[SourceVersionDate "2021.10.06"]
[SourceQuality "1"]

1. e4 c5 2. Nf3 d6 3. c3 Nf6 4. Bd3 g6 5. Bc2 Bg7 6. d3 Nbd7 7. Be3 Ng4 8. Bg5 h6 9. Bd2 O-O 10. h3 Nge5 11. Nxe5 Nxe5 12. Be3 b5 13. f4 Nc6 14. a3 e6 15. O-O Bb7 16. b4 cxb4 17. axb4 a6 18. d4 Qc7 19. f5 exf5 20. exf5 gxf5 21. Rxf5 Ne7 22. Rh5 Qc6 23. Qg4 f5 24. Qg3 f4 25. Bxf4 Rxf4 26. d5 Qb6+ 27. Kh2 Rf1 28. Qd3 Qg1+ 29. Kg3 Qf2+ 30. Kh2 Qf4+ 0-1

[Event "CAN-op"]
[Site "Victoria CAN"]
[Date "2012.07.09"]
[Round "3"]
[White "Han, Yiming"]
[Black "Cheng, Jack"]
[Result "0-1"]
[WhiteElo "2060"]
[BlackElo "1987"]
[PlyCount "76"]
[GameId "2160767909442571"]
[EventDate "2012.07.08"]
[EventType "swiss"]
[EventRounds "9"]
[EventCountry "CAN"]
[SourceTitle "EXT 2014"]
[Source "ChessBase"]
[SourceDate "2013.11.20"]
[SourceVersion "1"]
[SourceVersionDate "2013.11.20"]
[SourceQuality "1"]

1. e4 e5 2. Nc3 Nf6 3. Nf3 Nc6 4. Be2 Be7 5. O-O O-O 6. d4 exd4 7. Nxd4 d6 8. Kh1 Re8 9. f4 Nd7 10. Nxc6 bxc6 11. Bf3 Rb8 12. g4 Nb6 13. g5 Bb7 14. h4 d5 15. e5 Bb4 16. a3 Bf8 17. Qe2 c5 18. h5 Qc8 19. Qg2 c6 20. Qg3 Qd7 21. Bg4 Qd8 22. h6 g6 23. f5 Bc8 24. e6 Rb7 25. Bf4 gxf5 26. g6 fxg6 27. Bxf5 Nc4 28. Bxg6 hxg6 29. Qxg6+ Kh8 30. Bg5 Rxe6 31. Bf6+ Rxf6 32. Rxf6 Rh7 33. Rg1 Bxh6 34. Rf7 Qh4+ 35. Kg2 Ne3+ 36. Kf3 Bg4+ 37. Rxg4 Qxg4+ 38. Kf2 Qxg6 0-1

[Event "CAN-op"]
[Site "Victoria CAN"]
[Date "2012.07.09"]
[Round "3"]
[White "Harris, Philip"]
[Black "Gedajlovic, Max"]
[Result "1/2-1/2"]
[WhiteElo "1803"]
[BlackElo "1601"]
[PlyCount "89"]
[GameId "2160767909442572"]
[EventDate "2012.07.08"]
[EventType "swiss"]
[EventRounds "9"]
[EventCountry "CAN"]
[SourceTitle "EXT 2022"]
[Source "ChessBase"]
[SourceDate "2021.10.06"]
[SourceVersion "1"]
[SourceVersionDate "2021.10.06"]
[SourceQuality "1"]

1. e4 c5 2. Nf3 d6 3. Bb5+ Bd7 4. Bxd7+ Qxd7 5. O-O Nc6 6. Qe2 Rc8 7. c3 e6 8. Rd1 Be7 9. Na3 Nf6 10. d4 cxd4 11. cxd4 O-O 12. d5 exd5 13. exd5 Nb4 14. Qb5 Qxb5 15. Nxb5 Rc5 16. a4 a6 17. Be3 Rxd5 18. Nc3 Rxd1+ 19. Rxd1 d5 20. Bg5 Rd8 21. Nd4 h6 22. Nf5 hxg5 23. Nxe7+ Kf8 24. Nf5 g6 25. Nd4 Nc6 26. Kf1 Ke7 27. Ke2 Kd6 28. Nf3 Re8+ 29. Kf1 g4 30. Ng5 Re7 31. f3 gxf3 32. Nxf3 Ne5 33. Kf2 Nxf3 34. gxf3 Kc5 35. b3 Rd7 36. Rd3 Rd6 37. Ne2 Nh5 38. Rc3+ Kb6 39. Nd4 Nf4 40. b4 Ne6 41. a5+ Ka7 42. Nxe6 fxe6 43. Rc7 d4 44. Ke2 e5 45. Re7 1/2-1/2

[Event "CAN-op"]
[Site "Victoria CAN"]
[Date "2012.07.09"]
[Round "3"]
[White "Jiganchine, Roman"]
[Black "McLaren, Brian"]
[Result "0-1"]
[WhiteElo "2230"]
[BlackElo "2154"]
[PlyCount "120"]
[GameId "2160767909442573"]
[EventDate "2012.07.08"]
[EventType "swiss"]
[EventRounds "9"]
[EventCountry "CAN"]
[SourceTitle "EXT 2014"]
[Source "ChessBase"]
[SourceDate "2013.11.20"]
[SourceVersion "1"]
[SourceVersionDate "2013.11.20"]
[SourceQuality "1"]

1. e4 c5 2. Nf3 d6 3. d4 cxd4 4. Nxd4 Nf6 5. Nc3 g6 6. Be3 Bg7 7. f3 Nc6 8. Qd2 O-O 9. g4 Nxd4 10. Bxd4 Qa5 11. O-O-O Be6 12. a3 Rfc8 13. h4 Bc4 14. g5 Nh5 15. Bxg7 Nxg7 16. Bxc4 Rxc4 17. Nd5 Qxd2+ 18. Rxd2 Kf8 19. b3 Rc5 20. f4 Nh5 21. Rf2 Ng3 22. Re1 Nxe4 23. Rxe4 Rxd5 24. Rc4 Rc5 25. Rxc5 dxc5 26. f5 Rd8 27. fxg6 hxg6 28. c3 Kg7 29. Re2 Rd7 30. Re5 b6 31. b4 cxb4 32. axb4 f6 33. gxf6+ exf6 34. Re8 f5 35. Kc2 Kf6 36. Rf8+ Rf7 37. Rg8 Rg7 38. Re8 f4 39. Kd2 Kf5 40. Ke2 Kg4 41. Rf8 Re7+ 42. Kf2 Rc7 43. Rf6 Rxc3 44. Rxg6+ Kxh4 45. Rg7 Rb3 46. Rxa7 Rxb4 47. Rg7 Rb3 48. Rg6 b5 49. Rg8 b4 50. Rg7 Rg3 51. Rb7 b3 52. Rb4 Kg4 53. Rb5 Rc3 54. Ke2 Rh3 55. Kf1 Rh1+ 56. Kg2 Rb1 57. Rb8 Rb2+ 58. Kf1 Kf3 59. Ke1 Rb1+ 60. Kd2 Kf2 0-1

[Event "CAN-op"]
[Site "Victoria CAN"]
[Date "2012.07.09"]
[Round "3"]
[White "Kazmaier, Daniel"]
[Black "Yearwood, Roy"]
[Result "1/2-1/2"]
[WhiteElo "2198"]
[BlackElo "2083"]
[PlyCount "60"]
[GameId "2160767909442574"]
[EventDate "2012.07.08"]
[EventType "swiss"]
[EventRounds "9"]
[EventCountry "CAN"]
[SourceTitle "EXT 2014"]
[Source "ChessBase"]
[SourceDate "2013.11.20"]
[SourceVersion "1"]
[SourceVersionDate "2013.11.20"]
[SourceQuality "1"]

1. d4 b6 2. c4 Bb7 3. Nc3 e6 4. Nf3 Nf6 5. Bg5 Bb4 6. Qb3 Na6 7. a3 Ba5 8. g3 c5 9. Rd1 h6 10. Bxf6 Qxf6 11. d5 exd5 12. cxd5 O-O 13. Bg2 Rfe8 14. Rd2 c4 15. Qxc4 Rac8 16. Qd4 Bxc3 17. bxc3 Qxd4 18. Nxd4 Rxc3 19. Nb5 Rc1+ 20. Rd1 Rc2 21. Rd2 Rc1+ 22. Rd1 Rc2 23. e3 Nc5 24. Nd6 Ba6 25. Bf1 Bxf1 26. Kxf1 Re5 27. Rd4 Nb3 28. Rd3 Nc5 29. Rd4 Nb3 30. Rd3 Nc5 1/2-1/2

[Event "CAN-op"]
[Site "Victoria CAN"]
[Date "2012.07.09"]
[Round "3"]
[White "Kenney, David"]
[Black "Roback, Joe"]
[Result "1-0"]
[WhiteElo "1978"]
[BlackElo "1880"]
[PlyCount "69"]
[GameId "2160767909442575"]
[EventDate "2012.07.08"]
[EventType "swiss"]
[EventRounds "9"]
[EventCountry "CAN"]

1. d4 Nf6 2. Nf3 e6 3. e3 c5 4. Bd3 Nc6 5. c3 b6 6. Nbd2 Bb7 7. O-O Be7 8. e4 d6 9. Qe2 cxd4 10. cxd4 e5 11. d5 Nb8 12. b4 O-O 13. a4 a5 14. b5 Nbd7 15. Nb3 Rc8 16. Bd2 Nc5 17. Nxc5 Rxc5 18. Rfc1 Nd7 19. Be3 Rc8 20. Qd2 Kh8 21. Rxc8 Bxc8 22. Qc2 Nc5 23. Bxc5 bxc5 24. Rb1 Bg5 25. Nxg5 Qxg5 26. b6 Bb7 27. Bb5 Ra8 28. Bc6 Qe7 29. Qd2 Ra6 30. Qd3 g6 31. Qb5 Ra8 32. Bxb7 Qxb7 33. Qc6 Qb8 34. b7 Kg7 35. Rb6 1-0

[Event "CAN-op"]
[Site "Victoria CAN"]
[Date "2012.07.09"]
[Round "3"]
[White "Kenney, Jason"]
[Black "Plotkin, Victor"]
[Result "1-0"]
[WhiteElo "2136"]
[BlackElo "2249"]
[PlyCount "95"]
[GameId "2160767909442576"]
[EventDate "2012.07.08"]
[EventType "swiss"]
[EventRounds "9"]
[EventCountry "CAN"]
[SourceTitle "EXT 2014"]
[Source "ChessBase"]
[SourceDate "2013.11.20"]
[SourceVersion "1"]
[SourceVersionDate "2013.11.20"]
[SourceQuality "1"]

1. d4 Nf6 2. c4 e6 3. Nc3 d5 4. cxd5 exd5 5. Bg5 Be7 6. e3 c6 7. Qc2 Nbd7 8. Bd3 Nf8 9. Nge2 Ne6 10. Bxf6 Bxf6 11. b4 g6 12. O-O O-O 13. Rab1 Qd6 14. Rfc1 Bd7 15. Na4 b5 16. Nc5 Nxc5 17. dxc5 Qc7 18. a4 a6 19. Nd4 Be5 20. g3 f5 21. Nf3 Bf6 22. h4 Rae8 23. Kg2 Be6 24. Re1 Qg7 25. Red1 Bd7 26. Be2 Qe7 27. Rd2 Rf7 28. Re1 Qf8 29. Nd4 Rfe7 30. Rh1 Bg7 31. Bf3 Qf6 32. Ra1 Rf8 33. axb5 axb5 34. Ra6 g5 35. Bxd5+ Kh8 36. Bxc6 gxh4 37. Bxb5 Qg5 38. Bxd7 hxg3 39. Nf3 Qg4 40. Re6 gxf2+ 41. Kxf2 Rxd7 42. Rxd7 f4 43. Rxg7 Kxg7 44. Re7+ Kf6 45. Qe4 Qg3+ 46. Ke2 Qg2+ 47. Kd3 Qf1+ 48. Kc2 1-0

[Event "CAN-op"]
[Site "Victoria CAN"]
[Date "2012.07.09"]
[Round "3"]
[White "Kong, Dezheng"]
[Black "Reeve, Jeff"]
[Result "1/2-1/2"]
[WhiteElo "2057"]
[BlackElo "2234"]
[PlyCount "75"]
[GameId "2160767909442577"]
[EventDate "2012.07.08"]
[EventType "swiss"]
[EventRounds "9"]
[EventCountry "CAN"]
[SourceTitle "CBM 149 Extra"]
[Source "ChessBase"]
[SourceDate "2012.08.24"]
[SourceVersion "1"]
[SourceVersionDate "2012.08.24"]
[SourceQuality "1"]

1. c4 e5 2. g3 Nc6 3. Bg2 g6 4. Nc3 Bg7 5. d3 d6 6. e4 Be6 7. Nge2 Qd7 8. Nd5 Nd8 9. O-O c6 10. Ne3 Ne7 11. d4 exd4 12. Nxd4 Bh3 13. Ndf5 Bxf5 14. exf5 gxf5 15. Bh3 Ne6 16. Nxf5 Nxf5 17. Bxf5 O-O-O 18. Be3 Kb8 19. Rb1 d5 20. cxd5 Qxd5 21. Qg4 h5 22. Qe4 h4 23. Qxd5 Rxd5 24. Be4 Re5 25. Bg2 Ra5 26. a3 Nd4 27. Rfd1 Rd8 28. gxh4 Rh5 29. Bg5 f6 30. Bf4+ Kc8 31. Bg3 f5 32. b4 Bf6 33. Rd2 Bxh4 34. Rbd1 Bf6 35. Kf1 Ne6 36. Rxd8+ Bxd8 37. h3 Bc7 38. Bxc7 1/2-1/2

[Event "CAN-op"]
[Site "Victoria CAN"]
[Date "2012.07.09"]
[Round "3"]
[White "Kosinski, George"]
[Black "Leblanc, Paul"]
[Result "1-0"]
[WhiteElo "1773"]
[BlackElo "1887"]
[PlyCount "87"]
[GameId "2160767909442578"]
[EventDate "2012.07.08"]
[EventType "swiss"]
[EventRounds "9"]
[EventCountry "CAN"]
[SourceTitle "EXT 2022"]
[Source "ChessBase"]
[SourceDate "2021.10.06"]
[SourceVersion "1"]
[SourceVersionDate "2021.10.06"]
[SourceQuality "1"]

1. c4 c6 2. g3 d5 3. Nf3 Nf6 4. Bg2 Bf5 5. cxd5 cxd5 6. Qb3 Qb6 7. Qxb6 axb6 8. d3 Nc6 9. Nc3 e6 10. h3 h6 11. Nb5 Bb4+ 12. Bd2 O-O 13. Nfd4 Bxd2+ 14. Kxd2 Bg6 15. g4 Ra4 16. Nc2 Rfa8 17. Nc3 R4a7 18. a3 Na5 19. Ra2 Nb3+ 20. Ke3 Rc8 21. Nd4 Nxd4 22. Kxd4 Raa8 23. f4 Nd7 24. f5 Bh7 25. Nxd5 exd5 26. Bxd5 Rc7 27. e4 Kf8 28. b4 f6 29. Rhh2 Bg8 30. Rhc2 Rac8 31. Rxc7 Rxc7 32. Bxg8 Kxg8 33. Kd5 Ne5 34. Kd6 Rd7+ 35. Ke6 Rxd3 36. Rc2 Rxa3 37. Rc8+ Kh7 38. Rc7 Rb3 39. Ke7 Rxb4 40. Kf8 h5 41. Rxg7+ Kh6 42. g5+ fxg5 43. Kg8 g4 44. h4 1-0

[Event "CAN-op"]
[Site "Victoria CAN"]
[Date "2012.07.09"]
[Round "3"]
[White "Laceste, Loren"]
[Black "Longo, Tyler"]
[Result "1-0"]
[WhiteElo "2297"]
[BlackElo "1909"]
[PlyCount "81"]
[GameId "2160767909442579"]
[EventDate "2012.07.08"]
[EventType "swiss"]
[EventRounds "9"]
[EventCountry "CAN"]
[SourceTitle "CBM 149 Extra"]
[Source "ChessBase"]
[SourceDate "2012.08.24"]
[SourceVersion "1"]
[SourceVersionDate "2012.08.24"]
[SourceQuality "1"]

1. d4 d5 2. Nf3 Nf6 3. c4 dxc4 4. e3 e6 5. Bxc4 a6 6. a4 c5 7. O-O Nc6 8. Nc3 Be7 9. h3 O-O 10. Bd3 cxd4 11. exd4 Nb4 12. Bb1 b6 13. Qe2 Bb7 14. Rd1 Qc7 15. Ne5 Rac8 16. Bf4 Bd6 17. Bg5 Be7 18. Bd3 Nxd3 19. Rxd3 Nd5 20. Nxd5 Bxd5 21. Rc3 Qb7 22. Bxe7 Qxe7 23. Qxa6 Rxc3 24. bxc3 Qg5 25. Qf1 Rc8 26. c4 Bb7 27. Rd1 Ra8 28. Ng4 Rxa4 29. Ne3 Ra3 30. d5 exd5 31. cxd5 Ra8 32. Qb5 Qg6 33. Qd7 Ba6 34. Ra1 h5 35. Rxa6 Rxa6 36. Qc8+ Kh7 37. Qxa6 Qb1+ 38. Kh2 Qb2 39. Qd3+ g6 40. d6 Qxf2 41. d7 1-0

[Event "CAN-op"]
[Site "Victoria CAN"]
[Date "2012.07.09"]
[Round "3"]
[White "Landingin, Jofrei"]
[Black "Persaud, Hemant"]
[Result "1-0"]
[WhiteElo "1915"]
[BlackElo "1769"]
[PlyCount "61"]
[GameId "2160767909442580"]
[EventDate "2012.07.08"]
[EventType "swiss"]
[EventRounds "9"]
[EventCountry "CAN"]

1. d4 d5 2. c4 c6 3. Nc3 Nf6 4. Qb3 e6 5. Bf4 Nbd7 6. Nf3 Be7 7. e3 O-O 8. Bd3 a6 9. a4 Qa5 10. O-O dxc4 11. Bxc4 Nb6 12. Bc7 Bd8 13. Bd6 Re8 14. Bd3 Nbd5 15. e4 Nxc3 16. bxc3 Qh5 17. h3 b6 18. Bf4 Bd7 19. c4 h6 20. Qc2 g5 21. Bg3 g4 22. hxg4 Nxg4 23. Ne5 Nxe5 24. Bxe5 f6 25. Bh2 e5 26. dxe5 fxe5 27. Ra3 Be7 28. Be2 Qxh2+ 29. Kxh2 Bxa3 30. Qd3 Rad8 31. Qxa3 1-0

[Event "CAN-op"]
[Site "Victoria CAN"]
[Date "2012.07.09"]
[Round "3"]
[White "Lane, Travis"]
[Black "Li, Kevin"]
[Result "1/2-1/2"]
[WhiteElo "2158"]
[BlackElo "2097"]
[PlyCount "66"]
[GameId "2160767909442581"]
[EventDate "2012.07.08"]
[EventType "swiss"]
[EventRounds "9"]
[EventCountry "CAN"]
[SourceTitle "EXT 2014"]
[Source "ChessBase"]
[SourceDate "2013.11.20"]
[SourceVersion "1"]
[SourceVersionDate "2013.11.20"]
[SourceQuality "1"]

1. e4 c5 2. Nf3 d6 3. d4 cxd4 4. Nxd4 Nf6 5. Nc3 Nc6 6. Bc4 Qb6 7. Nb3 e6 8. Be3 Qc7 9. Bd3 a6 10. f4 b5 11. Qf3 Bb7 12. O-O-O Be7 13. g4 Nb4 14. g5 Nd7 15. Kb1 Nxd3 16. cxd3 Nc5 17. Nxc5 dxc5 18. f5 Bd6 19. fxe6 fxe6 20. Qg4 Qd7 21. g6 O-O-O 22. Rhf1 hxg6 23. Qxg6 Rhf8 24. d4 cxd4 25. Rxf8 Rxf8 26. Bxd4 Qf7 27. Qxg7 Bxh2 28. Qxf7 Rxf7 29. Bb6 Bc7 30. Bxc7 Rxc7 31. a3 Rc4 32. Re1 e5 33. Kc2 Rd4 1/2-1/2

[Event "CAN-op"]
[Site "Victoria CAN"]
[Date "2012.07.09"]
[Round "3"]
[White "Lindholdt, Malik"]
[Black "Wu, Ruining (Ray)"]
[Result "0-1"]
[WhiteElo "1992"]
[BlackElo "1835"]
[PlyCount "80"]
[GameId "2160767909442582"]
[EventDate "2012.07.08"]
[EventType "swiss"]
[EventRounds "9"]
[EventCountry "CAN"]

1. e4 c6 2. d4 d5 3. exd5 cxd5 4. c4 Nf6 5. Nc3 Nc6 6. cxd5 Nxd5 7. Bc4 e6 8. Nf3 Be7 9. O-O a6 10. a3 b5 11. Bb3 Na5 12. Bc2 Bb7 13. Qd3 Nxc3 14. bxc3 Bd5 15. Re1 Nb3 16. Bxb3 Bxb3 17. Ne5 Rc8 18. Qg3 Bf6 19. h4 Qc7 20. Bd2 Bd5 21. h5 h6 22. f4 O-O 23. Qd3 Ba8 24. a4 Bxe5 25. Rxe5 Qc6 26. Qe2 bxa4 27. Ra5 Bb7 28. R1xa4 Rfd8 29. Rb4 Rd5 30. Rxd5 Qxd5 31. Be1 Kh8 32. Qb2 Ba8 33. c4 Qe4 34. Qf2 Rg8 35. Bd2 g6 36. Bc3 gxh5 37. Rb2 Qd3 38. Qe1 Be4 39. c5 Qf3 40. Qf2 Qxc3 0-1

[Event "CAN-op"]
[Site "Victoria CAN"]
[Date "2012.07.09"]
[Round "3"]
[White "MacKinnon, Keith"]
[Black "Itkin, David"]
[Result "1/2-1/2"]
[WhiteElo "2183"]
[BlackElo "2055"]
[PlyCount "132"]
[GameId "2160767909442583"]
[EventDate "2012.07.08"]
[EventType "swiss"]
[EventRounds "9"]
[EventCountry "CAN"]
[SourceTitle "CBM 149 Extra"]
[Source "ChessBase"]
[SourceDate "2012.08.24"]
[SourceVersion "1"]
[SourceVersionDate "2012.08.24"]
[SourceQuality "1"]

1. e4 c5 2. Nf3 d6 3. d4 cxd4 4. Nxd4 Nf6 5. Nc3 Nc6 6. Bg5 e6 7. Qd2 a6 8. O-O-O h6 9. Nxc6 bxc6 10. Bf4 d5 11. Qe3 Qa5 12. Be2 dxe4 13. Qg3 Nd5 14. Be5 Nxc3 15. Bxc3 Qg5+ 16. Qxg5 hxg5 17. Rd4 c5 18. Rxe4 Bb7 19. Rg4 Bd6 20. Bxg7 Rg8 21. Bf6 Rg6 22. Bc3 Bf4+ 23. Bd2 f5 24. Rxf4 gxf4 25. Bh5 Kf7 26. Bxg6+ Kxg6 27. Bxf4 Kf6 28. Rg1 Rg8 29. Be3 c4 30. f3 e5 31. Kd1 f4 32. Bc5 Kf5 33. Kd2 Bd5 34. Kc3 Rh8 35. Rd1 Ke6 36. h3 Rg8 37. Rd2 Rg3 38. Re2 Kf5 39. Bd6 e4 40. Kd4 exf3 41. Re5+ Kf6 42. gxf3 Bxf3 43. Ra5 Bb7 44. Bxf4 Rxh3 45. Bg5+ Ke6 46. Kxc4 Kd6 47. Kb4 Rh1 48. Rc5 Rf1 49. Be7+ Kd7 50. Ka5 Rf4 51. Bg5 Rg4 52. a3 Kd6 53. Be7+ Ke6 54. Rc7 Be4 55. c4 Rg7 56. Bd8 Rxc7 57. Bxc7 Kd7 58. Bf4 Bd3 59. b3 Bc2 60. b4 Bd3 61. b5 axb5 62. cxb5 Kc8 63. a4 Kb7 64. Kb4 Bf1 65. Kc5 Be2 66. Bg5 Bf1 1/2-1/2

[Event "CAN-op"]
[Site "Victoria CAN"]
[Date "2012.07.09"]
[Round "3"]
[White "McKay, Arnold"]
[Black "Smith, Andrew M"]
[Result "0-1"]
[WhiteElo "1830"]
[BlackElo "2024"]
[PlyCount "72"]
[GameId "2160767909442584"]
[EventDate "2012.07.08"]
[EventType "swiss"]
[EventRounds "9"]
[EventCountry "CAN"]

1. c4 Nf6 2. g3 e6 3. Nf3 d5 4. cxd5 exd5 5. Bg2 Bd6 6. O-O O-O 7. b3 Bg4 8. Bb2 Nbd7 9. Nc3 c6 10. d3 Re8 11. Re1 Ne5 12. Nxe5 Bxe5 13. Qd2 d4 14. Ne4 Nd5 15. f4 Bc7 16. a3 Ne7 17. Bh1 h5 18. Nf2 Be6 19. Nd1 Nf5 20. Be4 h4 21. Bxf5 Bxf5 22. Rf1 Re6 23. Rf2 Rg6 24. Rf3 Bg4 25. Rf2 hxg3 26. hxg3 Be6 27. e4 Rxg3+ 28. Rg2 Rxg2+ 29. Qxg2 Bxf4 30. b4 a5 31. Nf2 axb4 32. axb4 Rxa1+ 33. Bxa1 Qf6 34. Nh3 Be3+ 35. Kh1 Qh4 36. Kh2 Bf4+ 0-1

[Event "CAN-op"]
[Site "Victoria CAN"]
[Date "2012.07.09"]
[Round "3"]
[White "Mikhalevski, Victor"]
[Black "Raymer, Elliot"]
[Result "1-0"]
[WhiteElo "2625"]
[BlackElo "1818"]
[PlyCount "82"]
[GameId "2160767909442585"]
[EventDate "2012.07.08"]
[EventType "swiss"]
[EventRounds "9"]
[EventCountry "CAN"]

1. d4 Nf6 2. Bg5 e6 3. Nd2 d5 4. e3 Be7 5. Bd3 O-O 6. c3 b6 7. Qe2 Bb7 8. Bxf6 Bxf6 9. f4 c5 10. Ngf3 Nc6 11. O-O cxd4 12. exd4 Ne7 13. Ne5 g6 14. g4 Qd6 15. Rae1 Rae8 16. Rf3 Bh4 17. Ref1 f6 18. Rh3 g5 19. Nef3 Ng6 20. Bxg6 hxg6 21. fxg5 Bxg5 22. Nxg5 fxg5 23. Nf3 Rf4 24. Ne5 Re4 25. Qf3 Rf4 26. Qd3 Rxf1+ 27. Kxf1 Rf8+ 28. Kg1 Rf6 29. Rh6 Qe7 30. Rxg6+ Rxg6 31. Qxg6+ Kf8 32. Kg2 Ba6 33. h4 gxh4 34. g5 Bb5 35. Kh3 Be8 36. Qf6+ Qxf6 37. gxf6 Bh5 38. Kxh4 Bd1 39. Kg5 Bc2 40. Nc6 a5 41. Kf4 Kf7 1-0

[Event "CAN-op"]
[Site "Victoria CAN"]
[Date "2012.07.09"]
[Round "3"]
[White "Molden, Leonard"]
[Black "Kalisvaart, Peter"]
[Result "1/2-1/2"]
[WhiteElo "1840"]
[BlackElo "2035"]
[PlyCount "61"]
[GameId "2160767909442586"]
[EventDate "2012.07.08"]
[EventType "swiss"]
[EventRounds "9"]
[EventCountry "CAN"]

1. d4 d5 2. e3 Nf6 3. Nd2 Bf5 4. Bd3 Bxd3 5. cxd3 Nc6 6. f4 e6 7. Ngf3 Be7 8. O-O O-O 9. Ne5 Nd7 10. Ndf3 Ncxe5 11. dxe5 c5 12. d4 f6 13. Bd2 f5 14. Bc3 c4 15. Qd2 b5 16. Bb4 a5 17. Bxe7 Qxe7 18. h3 b4 19. g4 g6 20. Rac1 a4 21. Rf2 a3 22. gxf5 gxf5 23. Kh2 h6 24. Rg2+ Kh7 25. Rcg1 Rg8 26. Rxg8 Rxg8 27. Rxg8 Kxg8 28. bxa3 bxa3 29. Qa5 Nf8 30. Qc5 Qb7 31. Qxa3 1/2-1/2

[Event "CAN-op"]
[Site "Victoria CAN"]
[Date "2012.07.09"]
[Round "3"]
[White "North, Robert"]
[Black "Han, Yifei"]
[Result "1/2-1/2"]
[WhiteElo "1913"]
[BlackElo "1855"]
[PlyCount "107"]
[GameId "2160767909442587"]
[EventDate "2012.07.08"]
[EventType "swiss"]
[EventRounds "9"]
[EventCountry "CAN"]
[SourceTitle "EXT 2022"]
[Source "ChessBase"]
[SourceDate "2021.10.06"]
[SourceVersion "1"]
[SourceVersionDate "2021.10.06"]
[SourceQuality "1"]

1. d4 f5 2. c4 e6 3. g3 Nf6 4. Bg2 d5 5. Nf3 c6 6. O-O Bd6 7. b3 O-O 8. Ba3 Bxa3 9. Nxa3 Ne4 10. e3 Nd7 11. Qc2 Qe7 12. Qb2 Ndf6 13. Ne5 Bd7 14. b4 b5 15. cxb5 cxb5 16. Bxe4 fxe4 17. Rac1 Rfc8 18. Rc5 Be8 19. Rfc1 Rxc5 20. Rxc5 a6 21. Qc3 Bh5 22. Rc7 Qf8 23. Qc5 Ng4 24. Qxf8+ Rxf8 25. Nxg4 Bxg4 26. Kf1 Bh3+ 27. Ke1 g5 28. Nc2 Ra8 29. Rc5 Kg7 30. Na1 a5 31. Nc2 axb4 32. Nxb4 Ra5 33. Rc1 Bg4 34. Kd2 Ra7 35. Rb1 Rc7 36. Rb2 Rf7 37. Ke1 Rc7 38. Rc2 Rxc2 39. Nxc2 Bh5 40. Kd2 Kf6 41. Kc3 Be2 42. Kb4 Bc4 43. a3 Kf5 44. h3 h5 45. Kc3 Bf1 46. g4+ hxg4 47. hxg4+ Kxg4 48. Kd2 Kf3 49. Ke1 Bc4 50. Nb4 g4 51. Nc6 g3 52. Ne5+ Kg2 53. fxg3 Kxg3 54. Kd2 1/2-1/2

[Event "CAN-op"]
[Site "Victoria CAN"]
[Date "2012.07.09"]
[Round "3"]
[White "Pechisker, Alfred"]
[Black "Chernik, Dmitry"]
[Result "1-0"]
[WhiteElo "2197"]
[BlackElo "1971"]
[PlyCount "109"]
[GameId "2160767909442588"]
[EventDate "2012.07.08"]
[EventType "swiss"]
[EventRounds "9"]
[EventCountry "CAN"]
[SourceTitle "CBM 149 Extra"]
[Source "ChessBase"]
[SourceDate "2012.08.24"]
[SourceVersion "1"]
[SourceVersionDate "2012.08.24"]
[SourceQuality "1"]

1. d4 Nf6 2. c4 g6 3. Nc3 d5 4. Bg5 Bg7 5. e3 O-O 6. Bxf6 Bxf6 7. cxd5 c6 8. dxc6 bxc6 9. Bc4 Nd7 10. Nf3 Rb8 11. Qd2 Qa5 12. O-O c5 13. Rad1 Bb7 14. Nd5 Qxd2 15. Rxd2 Bxd5 16. Bxd5 cxd4 17. Nxd4 Nb6 18. Nc6 Rbc8 19. Rc1 Nxd5 20. Rxd5 Kg7 21. b4 e6 22. Rd7 Rfd8 23. Rxd8 Bxd8 24. Kf1 Kf8 25. Ke2 Be7 26. b5 Rc7 27. Kd3 Ke8 28. Rc3 Rd7+ 29. Kc2 Bf8 30. e4 Rb7 31. Rb3 Bd6 32. Kc3 Kd7 33. Kc4 f6 34. Rd3 h6 35. f4 e5 36. fxe5 fxe5 37. Nxe5+ Ke6 38. Nf3 Rc7+ 39. Kb3 Rc1 40. a4 Rb1+ 41. Kc3 Rc1+ 42. Kb2 Rc4 43. e5 Be7 44. Rd4 Rc8 45. Kb3 Rc1 46. Rc4 Rb1+ 47. Kc2 Rf1 48. Rc6+ Kf5 49. Rc7 Bd8 50. Rxa7 g5 51. Rd7 Bb6 52. Rd6 Ba5 53. Rf6+ Kg4 54. e6 Rf2+ 55. Kd3 1-0

[Event "CAN-op"]
[Site "Victoria CAN"]
[Date "2012.07.09"]
[Round "3"]
[White "Perelshteyn, Eugene"]
[Black "Rohonyan, Katerina"]
[Result "1/2-1/2"]
[WhiteElo "2525"]
[BlackElo "2294"]
[PlyCount "143"]
[GameId "2160767909442589"]
[EventDate "2012.07.08"]
[EventType "swiss"]
[EventRounds "9"]
[EventCountry "CAN"]
[SourceTitle "CBM 149 Extra"]
[Source "ChessBase"]
[SourceDate "2012.08.24"]
[SourceVersion "1"]
[SourceVersionDate "2012.08.24"]
[SourceQuality "1"]

1. e4 c5 2. Nf3 d6 3. d4 cxd4 4. Nxd4 Nf6 5. Nc3 Bd7 6. h3 Nc6 7. g4 Nxd4 8. Qxd4 e5 9. Qd3 Bc6 10. g5 Nd7 11. Be3 Be7 12. h4 Nc5 13. Bxc5 dxc5 14. Qg3 O-O 15. Rd1 Qa5 16. Bg2 Qa6 17. Qxe5 Rfe8 18. Qg3 Bd8 19. Qd3 c4 20. Qe2 Ba5 21. O-O Bxc3 22. bxc3 Qa5 23. Qe3 Qxa2 24. h5 Qxc2 25. Rd2 Qb3 26. h6 Qb6 27. Rd4 a5 28. hxg7 a4 29. Bh3 Ra5 30. Qf4 Qc5 31. Bf5 Qe5 32. Qh4 Qxg7 33. f3 a3 34. Kf2 a2 35. Rdd1 Rea8 36. Ra1 Ra3 37. Rh1 Rxc3 38. Bxh7+ Kf8 39. Bf5 Rc2+ 40. Kg3 Qe5+ 41. Kg4 Ra3 42. Qh8+ Qxh8 43. Rxh8+ Ke7 44. Rh7 Rb2 45. g6 Rb1 46. Rxf7+ Ke8 47. Rxa2 Rxa2 48. Kg5 Ra6 49. Rc7 Rg1+ 50. Bg4 Rxg4+ 51. Kxg4 Bd7+ 52. Kg5 Rc6 53. Rxb7 c3 54. Rb1 c2 55. Rc1 Ke7 56. f4 Rc5+ 57. f5 Ba4 58. Kf4 Kf6 59. Ke3 Rc7 60. Kd4 Bb3 61. Kd3 Ke5 62. Kd2 Rc6 63. Kd3 Rc8 64. Kd2 Rc7 65. Kd3 Rc6 66. Kd2 Kxe4 67. g7 Rd6+ 68. Kc3 Rd3+ 69. Kb2 Rg3 70. f6 Ke5 71. Rxc2 Kxf6 72. Rc3 1/2-1/2